000 00520nam a2200205Ia 4500
005 20250508155249.0
008 008 250505s9999 xx 000 0 eng d
037 _aBooks to be hide in OPAC
040 _aFEDL
_beng
_cFEDL
041 _aeng
_2eng
084 _qFEDL
100 _aPierre
245 0 _aAfrica 1967
260 _aWashington, USA
_bStryker- Post Publication
_c1967
300 _a89p.
546 _aWeeded out
700 _a Etienne Dostert
_9766814
942 _cHB
999 _c1355621
_d1355621